[Event "XI Open"]
[Site "Crema ITA"]
[Date "2009.09.04"]
[Round "1"]
[White "Vishanji, Adrian"]
[Black "Scovazzi, Tullio"]
[Result "1-0"]
[WhiteElo "1931"]
[BlackElo "1651"]
[PlyCount "119"]
[EventDate "2009.09.04"]

1. e4 e5 2. Nf3 Nc6 3. Bb5 a6 4. Ba4 Nf6 5. O-O b5 6. Bb3 Be7 7. c3 O-O 8. Re1
d5 9. exd5 Nxd5 10. Nxe5 Nxe5 11. Rxe5 Nf6 12. d4 Bd6 13. Re1 Ng4 14. h3 Qh4
15. Qf3 Nxf2 16. Qxf2 Bh2+ 17. Kf1 Bg3 18. Qe2 Bxh3 19. gxh3 Qxh3+ 20. Qg2 Qf5+
21. Kg1 Bxe1 22. Bc2 Qh5 23. Nd2 Rae8 24. Nf3 Bh4 25. Bf4 Re7 26. Nxh4 Qxh4 27.
Qg3 Qxg3+ 28. Bxg3 Re2 29. Bb3 Rfe8 30. Bxc7 Rxb2 31. Be5 Re2 32. a4 Re3 33.
axb5 axb5 34. Ra7 Rf3 35. Kg2 Rf5 36. Rb7 Rg5+ 37. Kf3 Rf5+ 38. Kg4 g6 39. Rxb5
h5+ 40. Kg3 Kh7 41. Rb7 Rc8 42. c4 Ra8 43. c5 Ra1 44. Rxf7+ Rxf7 45. Bxf7 Ra3+
46. Kh4 Kh6 47. Bf4+ Kg7 48. Be6 Kf6 49. Bd7 Ke7 50. c6 Rc3 51. d5 Kd8 52. d6
Rc4 53. Kg5 h4 54. Bd2 Ra4 55. Kxg6 Rg4+ 56. Bg5+ Rxg5+ 57. Kxg5 h3 58. Kf6 h2
59. Ke6 h1=Q 60. c7# 1-0

[Event "XI Open"]
[Site "Crema ITA"]
[Date "2009.09.04"]
[Round "2"]
[White "Acunzo, Domenico"]
[Black "Bozzali, Ermanno"]
[Result "0-1"]
[WhiteElo "1833"]
[BlackElo "2090"]
[PlyCount "34"]
[EventDate "2009.09.04"]

1. e4 g6 2. d4 Bg7 3. f4 c6 4. Nf3 d5 5. e5 Bg4 6. Be2 h5 7. Ng5 Bxe2 8. Qxe2
e6 9. Nd2 Nh6 10. Nb3 Nd7 11. Bd2 Bf8 12. c4 Nb6 13. cxd5 Qxd5 14. O-O Nf5 15.
Bc3 Be7 16. Ne4 O-O-O 17. a4 Qxb3 0-1

[Event "XI Open"]
[Site "Crema ITA"]
[Date "2009.09.04"]
[Round "2"]
[White "Annoni, Riccardo"]
[Black "Colombo, Luca"]
[Result "0-1"]
[WhiteElo "2087"]
[BlackElo "1850"]
[PlyCount "86"]
[EventDate "2009.09.04"]

1. d4 Nf6 2. Bg5 Ne4 3. Bf4 d6 4. f3 Nf6 5. e4 g6 6. Nc3 Bg7 7. Qd2 O-O 8. Bh6
Nbd7 9. h4 c5 10. d5 Nh5 11. Nge2 Ne5 12. Bxg7 Kxg7 13. O-O-O f5 14. exf5 Bxf5
15. Qe3 Nf6 16. Ng3 Bd7 17. h5 Rh8 18. hxg6 hxg6 19. Rxh8 Qxh8 20. Be2 Qh4 21.
Nce4 Nxe4 22. Rh1 Qg5 23. f4 Qxg3 24. Qxe4 Bf5 25. Qa4 Qxg2 26. Re1 Qf2 27. Kd1
Nf3 28. Bxf3 Qxf3+ 29. Kc1 Kf7 30. Qb3 Qxf4+ 31. Kb1 b6 32. a4 Rh8 33. Qc3 Rh2
34. Rxe7+ Kxe7 35. Qg7+ Kd8 36. Qf8+ Kc7 37. Qf7+ Kb8 38. Qf8+ Kb7 39. Qf7+ Ka6
40. Qe8 Bxc2+ 41. Ka2 Qc4+ 42. b3 Qxb3+ 43. Ka1 Qb1# 0-1

[Event "XI Open"]
[Site "Crema ITA"]
[Date "2009.09.04"]
[Round "2"]
[White "Barucco, Mattia"]
[Black "Brioschi, Camillo"]
[Result "1/2-1/2"]
[WhiteElo "1994"]
[BlackElo "1826"]
[PlyCount "81"]
[EventDate "2009.09.04"]

1. e4 e5 2. Nf3 Nc6 3. Bb5 a6 4. Ba4 Nf6 5. O-O Nxe4 6. d4 b5 7. Bb3 d5 8. dxe5
Be6 9. c3 Bc5 10. Nbd2 O-O 11. Bc2 f5 12. exf6 Nxf6 13. Nb3 Bb6 14. Ng5 Bg4 15.
Qd3 Ne5 16. Qg3 Ng6 17. Nd4 Qd7 18. h3 Bxd4 19. cxd4 Bf5 20. Bxf5 Qxf5 21. Be3
Nh5 22. Qg4 Qxg4 23. hxg4 Nf6 24. Ne6 Rf7 25. g5 Ne4 26. Rac1 Rc8 27. Rc6 Nf8
28. Rxa6 Nxe6 29. Rxe6 Rf5 30. g6 hxg6 31. Rxg6 Nd6 32. Rg5 Ra8 33. a3 Rxg5 34.
Bxg5 Nc4 35. Rb1 Kf7 36. Kf1 Kg6 37. Bc1 Kf5 38. Be3 Ke4 39. Ke2 c6 40. f3+ Kf5
41. Kd3 1/2-1/2

[Event "XI Open"]
[Site "Crema ITA"]
[Date "2009.09.04"]
[Round "2"]
[White "Biava, Pierluigi"]
[Black "Folcini, Gaddo"]
[Result "1-0"]
[WhiteElo "1784"]
[BlackElo "1514"]
[PlyCount "39"]
[EventDate "2009.09.04"]

1. d4 e5 2. dxe5 Nc6 3. Nf3 d5 4. h3 Be6 5. Bf4 Bb4+ 6. c3 Bc5 7. e3 Nge7 8.
Nd4 O-O 9. Nxe6 fxe6 10. Bd3 Ng6 11. Bxg6 hxg6 12. Qg4 Rxf4 13. exf4 Qe7 14.
Nd2 d4 15. Ne4 d3 16. O-O Bb6 17. Qxg6 d2 18. Ng5 Rd8 19. Qh7+ Kf8 20. Qh8# 1-0

[Event "XI Open"]
[Site "Crema ITA"]
[Date "2009.09.04"]
[Round "2"]
[White "Bonade', Massimo"]
[Black "Tagliaferri, Valerio"]
[Result "1-0"]
[WhiteElo "2097"]
[BlackElo "1860"]
[PlyCount "156"]
[EventDate "2009.09.04"]

1. d4 d5 2. c4 c6 3. Nf3 Nf6 4. Nc3 dxc4 5. a4 Bg4 6. e3 e6 7. Bxc4 Nbd7 8. O-O
Bb4 9. Qe2 O-O 10. e4 e5 11. Rd1 exd4 12. Rxd4 Bc5 13. Rd1 Qe7 14. Bf4 Rfe8 15.
Bd3 Bxf3 16. Qxf3 Ne5 17. Bxe5 Qxe5 18. Rac1 Bd6 19. g3 Rad8 20. Kg2 a5 21. Qe2
Bb4 22. f4 Qh5 23. Qxh5 Nxh5 24. e5 g6 25. Ne4 Kf8 26. Be2 Be7 27. Bxh5 gxh5
28. Kf3 Kg7 29. f5 f6 30. e6 Rxd1 31. Rxd1 Rd8 32. Rxd8 Bxd8 33. Nd6 b6 34. Ke4
h4 35. gxh4 Kf8 36. Kd4 h5 37. Ne4 Kg7 38. b3 Be7 39. h3 Bb4 40. Ng3 Kh6 41.
Ne2 Kg7 42. Nf4 Kh6 43. Ng6 Kg7 44. Kc4 Bd6 45. Kd4 Bb4 46. Nf4 Kh6 47. Nd3 Bd6
48. Ke4 Kg7 49. Nb2 Kf8 50. Nc4 Bc5 51. Nd2 Bf2 52. Nf3 Ke7 53. Nd4 Kd6 54. Ne2
b5 55. Nf4 Bxh4 56. Nxh5 Bg5 57. Ng3 Bh4 58. Ne2 bxa4 59. bxa4 Be1 60. Ng1 Bd2
61. h4 Bh6 62. h5 Bf8 63. Nf3 Ke7 64. Nh2 Ke8 65. Ng4 Be7 66. Kd4 Kf8 67. Ne3
Kg7 68. Nc4 Bb4 69. Ke4 Kf8 70. Ne3 Kg7 71. Ng4 Be7 72. Kd4 Kh7 73. Kc4 Kg7 74.
Kb3 Kh7 75. Ne3 Kg7 76. Nc4 Kh6 77. Nxa5 Kxh5 78. Nxc6 Bc5 1-0

[Event "XI Open"]
[Site "Crema ITA"]
[Date "2009.09.04"]
[Round "2"]
[White "Bonazzi, Edoardo"]
[Black "Casartelli, Fabio"]
[Result "1-0"]
[WhiteElo "2191"]
[BlackElo "1908"]
[PlyCount "55"]
[EventDate "2009.09.04"]

1. Nf3 Nf6 2. c4 g6 3. Nc3 Bg7 4. g3 d6 5. Bg2 O-O 6. O-O Nbd7 7. Rb1 c6 8. b4
Nb6 9. d3 Ng4 10. Bb2 Ne5 11. a4 Nxf3+ 12. Bxf3 Bh3 13. Re1 f5 14. a5 Nd7 15.
a6 Ne5 16. Bh1 Rb8 17. axb7 Rxb7 18. b5 Rc7 19. bxc6 f4 20. Ne4 fxg3 21. hxg3
Ng4 22. Bxg7 Kxg7 23. Rb7 e5 24. Qa4 Rxb7 25. cxb7 Qb6 26. Qd7+ Rf7 27. Qxd6
Qa5 28. Rb1 1-0

[Event "XI Open"]
[Site "Crema ITA"]
[Date "2009.09.04"]
[Round "2"]
[White "Bongiorni, Gabriele"]
[Black "Sperli', Maurizio"]
[Result "1-0"]
[WhiteElo "1792"]
[BlackElo "1562"]
[PlyCount "49"]
[EventDate "2009.09.04"]

1. d4 Nf6 2. c4 g6 3. Nf3 Bg7 4. Nc3 d6 5. e4 O-O 6. Be2 Nbd7 7. O-O Re8 8. b4
e5 9. d5 b6 10. a4 a5 11. bxa5 Rxa5 12. Nd2 Nc5 13. Ba3 Nfd7 14. Nb3 Nxb3 15.
Qxb3 Nc5 16. Bxc5 Rxc5 17. a5 Rxa5 18. Rxa5 bxa5 19. Qb5 f5 20. f3 Qg5 21.
Qxe8+ Bf8 22. f4 exf4 23. Qxc8 f3 24. Rxf3 Qc1+ 25. Kf2 1-0

[Event "XI Open"]
[Site "Crema ITA"]
[Date "2009.09.04"]
[Round "2"]
[White "Borboni, Paolo"]
[Black "Mussap, Angelo"]
[Result "0-1"]
[WhiteElo "1750"]
[BlackElo "2045"]
[PlyCount "58"]
[EventDate "2009.09.04"]

1. d4 d5 2. c4 e6 3. Nc3 Nf6 4. cxd5 exd5 5. Bg5 Be7 6. e3 O-O 7. Qc2 c6 8. Bd3
g6 9. Nge2 Nh5 10. Bh6 Re8 11. Ng3 Ng7 12. Nce2 Bb4+ 13. Kf1 Qh4 14. Bxg7 Kxg7
15. a3 Bd6 16. b4 Qf6 17. Qd2 a5 18. Rb1 axb4 19. axb4 b5 20. Nf4 Bxf4 21. exf4
Qxd4 22. h4 Ra1 23. Qd1 Rxb1 24. Qxb1 Qxf4 25. h5 Bg4 26. hxg6 fxg6 27. Qa1+
Qe5 28. Qa7+ Re7 29. Nf5+ gxf5 0-1

[Event "XI Open"]
[Site "Crema ITA"]
[Date "2009.09.04"]
[Round "2"]
[White "Calvi, Luca"]
[Black "Pinna, Ferdinando"]
[Result "0-1"]
[WhiteElo "1622"]
[BlackElo "1818"]
[PlyCount "132"]
[EventDate "2009.09.04"]

1. d4 Nf6 2. c4 g6 3. Nc3 d5 4. cxd5 Nxd5 5. e4 Nxc3 6. bxc3 Bg7 7. Bc4 c5 8.
Ne2 O-O 9. Be3 Nc6 10. Rc1 cxd4 11. cxd4 Na5 12. Bd3 b6 13. O-O Bb7 14. f3 Qd7
15. Qd2 Rfd8 16. Rfd1 Rac8 17. d5 e6 18. dxe6 Qxe6 19. Rxc8 Bxc8 20. Nf4 Qd6
21. Nd5 Bb7 22. Bf4 Qc5+ 23. Kh1 Bxd5 24. exd5 Qxd5 25. Qc2 Qc6 26. Be4 Rxd1+
27. Qxd1 Qf6 28. Qc1 Qc3 29. Qxc3 Bxc3 30. Bb8 a6 31. Bc7 Bd4 32. Bd3 Kf8 33.
Bxa6 Ke7 34. Bb5 Ke6 35. g4 f5 36. h3 fxg4 37. hxg4 Kd5 38. Kg2 Nc4 39. f4 Kc5
40. Bd7 Nd6 41. Kf3 Kd5 42. f5 gxf5 43. Bxf5 Nxf5 44. gxf5 b5 45. Kg4 Bf6 46.
Kh5 Ke4 47. Kh6 Kxf5 48. Kxh7 Be7 49. Ba5 Ke5 50. Kg6 Kd5 51. Kf5 Bd6 52. Bd2
Kc4 53. Ke4 Ba3 54. Ke3 Bb2 55. Ke2 Bc3 56. Bc1 Bd4 57. Kd1 Kc3 58. Ba3 Be3 59.
Bc1 Bc5 60. Bd2+ Kb2 61. a4 bxa4 62. Bc1+ Kb1 63. Bg5 a3 64. Bf6 a2 65. Ke2 Ba3
66. Kd3 Bb2 0-1

[Event "XI Open"]
[Site "Crema ITA"]
[Date "2009.09.04"]
[Round "2"]
[White "Cappa, Enrico"]
[Black "Alidosi, Marco"]
[Result "1/2-1/2"]
[WhiteElo "1529"]
[BlackElo "1791"]
[PlyCount "41"]
[EventDate "2009.09.04"]

1. e4 c5 2. Bc4 Nc6 3. c3 Nf6 4. Qe2 d6 5. Nf3 Bg4 6. O-O e6 7. Rd1 Qb6 8. Bb3
Be7 9. d3 h6 10. Nbd2 a5 11. Nc4 Qc7 12. a4 O-O 13. d4 Rab8 14. Bc2 cxd4 15.
cxd4 Nb4 16. Ne3 Bh5 17. b3 d5 18. exd5 exd5 19. Bf5 Ne4 20. Nxd5 Nxd5 21. Qxe4
1/2-1/2

[Event "XI Open"]
[Site "Crema ITA"]
[Date "2009.09.04"]
[Round "2"]
[White "Carletti, Davide"]
[Black "Petrone, Gianmario"]
[Result "1/2-1/2"]
[WhiteElo "1497"]
[BlackElo "1752"]
[PlyCount "92"]
[EventDate "2009.09.04"]

1. e4 e5 2. Nf3 Nc6 3. Bb5 a6 4. Bxc6 dxc6 5. O-O Bg4 6. h3 Bxf3 7. Qxf3 Nf6 8.
Nc3 Bc5 9. d3 h6 10. Qg3 Rg8 11. Qxe5+ Qe7 12. Qxe7+ Kxe7 13. Re1 g5 14. g3 Nh5
15. Be3 Bxe3 16. Rxe3 Rad8 17. Ne2 c5 18. c3 Rd7 19. d4 Rgd8 20. Rd1 Kf8 21. d5
c6 22. c4 Kg7 23. Red3 Kg6 24. Nc1 cxd5 25. Rxd5 Rxd5 26. exd5 Nf6 27. Re1 b5
28. b3 Rb8 29. Nd3 bxc4 30. bxc4 a5 31. Re7 Rb1+ 32. Kg2 Rd1 33. Nxc5 Rd4 34.
Nd7 Nxd7 35. Rxd7 Rxc4 36. Rd8 Rd4 37. d6 Kf6 38. Kf3 Ke6 39. Ke3 Rxd6 40.
Rxd6+ Kxd6 41. Kd4 f5 42. g4 f4 43. f3 Kc6 44. a4 Kd6 45. Kc4 Kc6 46. Kd4 Kd6
1/2-1/2

[Event "XI Open"]
[Site "Crema ITA"]
[Date "2009.09.04"]
[Round "2"]
[White "Casale, Anania"]
[Black "Cervini, Ernesto"]
[Result "0-1"]
[WhiteElo "1694"]
[BlackElo "1822"]
[PlyCount "64"]
[EventDate "2009.09.04"]

1. d4 d5 2. c4 c6 3. Nc3 Nf6 4. Nf3 e6 5. Bg5 h6 6. Bh4 Be7 7. e3 Nbd7 8. Bd3
O-O 9. O-O Re8 10. Qc2 Nh5 11. Bxe7 Qxe7 12. cxd5 exd5 13. Rfe1 Nhf6 14. e4
dxe4 15. Nxe4 Qd8 16. Nd6 Rxe1+ 17. Rxe1 Nf8 18. Nxf7 Kxf7 19. Ne5+ Kg8 20. Bg6
Nxg6 21. Nxg6 Nd5 22. Qc4 Kh7 23. Qd3 Kg8 24. Ne5 Qg5 25. Qf3 Qf6 26. Qg3 Bf5
27. Qb3 b6 28. Rc1 Rc8 29. Nxc6 Be6 30. Qa4 Bd7 31. Qxa7 Bxc6 32. Re1 Rf8 0-1

[Event "XI Open"]
[Site "Crema ITA"]
[Date "2009.09.04"]
[Round "2"]
[White "Cautiero, Pietro"]
[Black "Quagliarella, Sabino Remo"]
[Result "1/2-1/2"]
[WhiteElo "1679"]
[BlackElo "1917"]
[PlyCount "112"]
[EventDate "2009.09.04"]

1. d4 Nf6 2. Nf3 g6 3. c4 Bg7 4. Nc3 d5 5. cxd5 Nxd5 6. e4 Nxc3 7. bxc3 O-O 8.
Be3 c5 9. Be2 Nc6 10. Qd2 Bg4 11. Rd1 Qa5 12. O-O Bxf3 13. Bxf3 cxd4 14. cxd4
Qxd2 15. Rxd2 Rfd8 16. d5 Ne5 17. Be2 Rdc8 18. f4 Nc4 19. Bxc4 Rxc4 20. e5 b6
21. Rfd1 Rd8 22. Kf2 Kf8 23. Kf3 h5 24. Rd4 Rxd4 25. Rxd4 Ke8 26. Rd2 Rc8 27.
g3 Bf8 28. Ke4 Kd7 29. f5 gxf5+ 30. Kxf5 Rc4 31. Kg5 Bg7 32. Bf4 h4 33. d6 e6
34. Re2 h3 35. Kg4 f6 36. exf6 Bxf6 37. Kxh3 Rc5 38. Rd2 Bc3 39. Rd3 e5 40. Bd2
Bd4 41. Kg4 Rc4 42. Kf5 Kxd6 43. g4 Kd5 44. g5 e4 45. Rg3 Rc2 46. Bf4 Rf2 47.
Kg4 Rxh2 48. Ra3 Rh7 49. g6 Rd7 50. Kf5 Re7 51. Rg3 e3 52. Bxe3 Re5+ 53. Kf4
Re4+ 54. Kf5 Re5+ 55. Kf4 Re4+ 56. Kf5 Re5+ 1/2-1/2

[Event "XI Open"]
[Site "Crema ITA"]
[Date "2009.09.04"]
[Round "2"]
[White "Cecchini, Massimo S."]
[Black "Marchesotti, Giovanni"]
[Result "1/2-1/2"]
[WhiteElo "1821"]
[BlackElo "1643"]
[PlyCount "65"]
[EventDate "2009.09.04"]

1. Nf3 c5 2. g3 Nc6 3. Bg2 Nf6 4. c4 g6 5. Nc3 Bg7 6. O-O O-O 7. b3 d5 8. cxd5
Nxd5 9. Bb2 e6 10. Rc1 b6 11. Na4 Bb7 12. Bxg7 Kxg7 13. Nc3 Nxc3 14. dxc3 Qxd1
15. Rfxd1 Rfd8 16. h4 Rxd1+ 17. Rxd1 Rd8 18. Rxd8 Nxd8 19. e3 f6 20. Nd2 Bxg2
21. Kxg2 Nc6 22. Kf3 f5 23. Nc4 Kf6 24. e4 Ne5+ 25. Nxe5 Kxe5 26. exf5 exf5 27.
Ke3 b5 28. a3 a5 29. b4 axb4 30. axb4 c4 31. f3 h5 32. f4+ Kd5 33. Kf3 1/2-1/2

[Event "XI Open"]
[Site "Crema ITA"]
[Date "2009.09.04"]
[Round "2"]
[White "De Paoli, Emilio"]
[Black "Bontempi, Piero"]
[Result "0-1"]
[WhiteElo "1914"]
[BlackElo "2359"]
[PlyCount "64"]
[EventDate "2009.09.04"]

1. e4 c5 2. Nf3 d6 3. d4 cxd4 4. Nxd4 Nf6 5. Nc3 g6 6. Be3 Nc6 7. f3 Bg7 8. Qd2
O-O 9. O-O-O Nxd4 10. Bxd4 Be6 11. Kb1 Qc7 12. Nd5 Bxd5 13. exd5 Rfc8 14. c3
Qd7 15. g4 b5 16. h4 Qb7 17. Bg2 b4 18. Ka1 bxc3 19. bxc3 Rab8 20. Rb1 Qxd5 21.
Rhe1 e5 22. f4 Rxb1+ 23. Rxb1 Qa5 24. Be3 Nxg4 25. Bh3 Nxe3 26. Bxc8 exf4 27.
Rb3 Nd5 28. Qe2 Bxc3+ 29. Kb1 Be5 30. h5 Nc3+ 31. Rxc3 Qxc3 32. Ba6 f3 0-1

[Event "XI Open"]
[Site "Crema ITA"]
[Date "2009.09.04"]
[Round "2"]
[White "Distratis, Gianluca"]
[Black "Vishanji, Adrian"]
[Result "0-1"]
[WhiteElo "1926"]
[BlackElo "1931"]
[PlyCount "100"]
[EventDate "2009.09.04"]

1. e4 e5 2. Nf3 Nc6 3. Bb5 a6 4. Bxc6 dxc6 5. O-O Bg4 6. h3 Bxf3 7. Qxf3 Nf6 8.
d3 Be7 9. Nd2 O-O 10. Nc4 Nd7 11. Qg3 Bd6 12. Bh6 Qf6 13. Bg5 Qe6 14. Nxd6 cxd6
15. f4 f6 16. f5 Qf7 17. Bh6 d5 18. b3 Nc5 19. Qg4 Rad8 20. Rf3 Qe7 21. Rg3 Rf7
22. Be3 b5 23. h4 Kh8 24. h5 h6 25. exd5 cxd5 26. Qb4 Nb7 27. Qd2 d4 28. Bf2
Nd6 29. Rf3 Qd7 30. g4 Qc6 31. Rg3 e4 32. Bxd4 Nxf5 33. gxf5 Rxd4 34. Qg2 Qc5
35. Qf2 exd3 36. Rxd3 Rg4+ 37. Kf1 Qxf2+ 38. Kxf2 Rh4 39. Rd8+ Kh7 40. Kg3 Rxh5
41. Kg4 Rg5+ 42. Kf4 Rc7 43. a4 Rc5 44. Rd6 Rgxf5+ 45. Ke4 Rfe5+ 46. Kd4 a5 47.
Rg1 bxa4 48. Rd7 Rg5 49. Re1 Rxc2 50. bxa4 Rd2+ 0-1

[Event "XI Open"]
[Site "Crema ITA"]
[Date "2009.09.04"]
[Round "2"]
[White "Gerundino, Nicola"]
[Black "Adami, Antonio"]
[Result "1-0"]
[WhiteElo "1961"]
[BlackElo "1617"]
[PlyCount "89"]
[EventDate "2009.09.04"]

1. e4 c5 2. Nf3 d6 3. d4 cxd4 4. Qxd4 e5 5. Bb5+ Bd7 6. Bxd7+ Qxd7 7. Qd3 Nf6
8. O-O Nc6 9. c4 Be7 10. Nc3 O-O 11. Bg5 Nh5 12. Bxe7 Nxe7 13. Nxe5 Qe6 14. Nf3
Nf4 15. Qe3 Qg4 16. Ne1 Neg6 17. h3 Qg5 18. Kh2 Qh6 19. Rd1 Ne5 20. Qd4 Ng4+
21. Kg3 Ne5 22. f3 Qg5+ 23. Kh2 Neg6 24. Qf2 Ne5 25. b3 h5 26. Nd5 h4 27. Nxf4
Qxf4+ 28. Kh1 g5 29. Nd3 Qf6 30. Nb4 b6 31. Nd5 Qd8 32. Ne3 Ng6 33. Nf5 Qc7 34.
Qd4 Ne5 35. Qxd6 Qxd6 36. Rxd6 f6 37. Rfd1 Kh7 38. Kg1 Kg6 39. R1d5 Kf7 40.
Nh6+ Kg7 41. Ng4 Ng6 42. Rd7+ Rf7 43. Rxf7+ Kxf7 44. Rd6 Nf4 45. Nxf6 1-0

[Event "XI Open"]
[Site "Crema ITA"]
[Date "2009.09.04"]
[Round "2"]
[White "Giannetta, Paolo"]
[Black "Lorenzotti, Fabrizio"]
[Result "1-0"]
[WhiteElo "1931"]
[BlackElo "1733"]
[PlyCount "36"]
[EventDate "2009.09.04"]

1. Nf3 Nf6 2. c4 d6 3. g3 g6 4. Bg2 Bg7 5. O-O O-O 6. Nc3 Nc6 7. Rb1 e5 8. d3
Ne7 9. b4 c6 10. Qb3 b6 11. b5 Bd7 12. Bg5 h6 13. Bxf6 Bxf6 14. Ne4 Nf5 15. e3
Qe7 16. Nfd2 Rac8 17. a4 Bg7 18. Rfc1 d5 1-0

[Event "XI Open"]
[Site "Crema ITA"]
[Date "2009.09.04"]
[Round "2"]
[White "Gonella, Daniele"]
[Black "Agnelli, Francesco"]
[Result "1-0"]
[WhiteElo "1827"]
[BlackElo "2051"]
[PlyCount "51"]
[EventDate "2009.09.04"]

1. e4 c5 2. c3 Nf6 3. e5 Nd5 4. d4 cxd4 5. cxd4 Qc7 6. Qd2 e6 7. a3 b6 8. Nc3
Nxc3 9. bxc3 Be7 10. Nf3 Nc6 11. Bd3 Na5 12. Rb1 Bb7 13. O-O Rc8 14. Qe2 Nc4
15. Ng5 h6 16. Qh5 Bxg5 17. Bxg5 Qc6 18. f3 Nxa3 19. Rb3 Nc4 20. Bc1 Na5 21.
Qg4 Nxb3 22. Qxg7 Kd8 23. Ba3 Qxc3 24. Bd6 Qxd4+ 25. Kh1 Qxd6 26. exd6 1-0

[Event "XI Open"]
[Site "Crema ITA"]
[Date "2009.09.04"]
[Round "2"]
[White "Gonella, Graziano"]
[Black "Cantoro, Daniele"]
[Result "0-1"]
[WhiteElo "1152"]
[BlackElo "1961"]
[PlyCount "76"]
[EventDate "2009.09.04"]

1. e4 c5 2. Nc3 Nc6 3. Nf3 g6 4. Be2 Bg7 5. O-O e5 6. Bc4 h6 7. a3 Nge7 8. Re1
O-O 9. Nh4 d6 10. Re3 Kh7 11. Rf3 Bg4 12. Qf1 Bxf3 13. Nxf3 Nd4 14. Nxd4 cxd4
15. Nd5 f5 16. Nxe7 Qxe7 17. exf5 gxf5 18. Bd5 Rac8 19. c3 e4 20. cxd4 Bxd4 21.
Qb5 Rc5 22. Qxb7 Qxb7 23. Bxb7 Rb8 24. Ba6 Rb6 25. Bf1 Rbc6 26. g3 Rxc1 27.
Rxc1 Rxc1 28. Kg2 Bxb2 29. a4 Ra1 30. Bb5 Bd4 31. d3 d5 32. dxe4 dxe4 33. Bc6
Ra2 34. h3 Rxf2+ 35. Kh1 e3 36. g4 e2 37. Bg2 e1=Q+ 38. Kh2 Be5# 0-1

[Event "XI Open"]
[Site "Crema ITA"]
[Date "2009.09.04"]
[Round "2"]
[White "Guglielmetti, Oscar"]
[Black "Madaschi, Sergio"]
[Result "0-1"]
[WhiteElo "1817"]
[BlackElo "1576"]
[PlyCount "42"]
[EventDate "2009.09.04"]

1. f4 Nf6 2. Nf3 g6 3. b3 Bg7 4. Bb2 O-O 5. e3 d6 6. Be2 c5 7. O-O Nc6 8. Na3
a6 9. c4 Bd7 10. Nc2 Qc7 11. Qe1 Bf5 12. Rc1 Bxc2 13. Rxc2 Nb4 14. Rc1 Nxa2 15.
Rb1 Nb4 16. Qh4 Qb6 17. Ng5 h6 18. Bxf6 exf6 19. Nf3 g5 20. Qg3 Qc6 21. fxg5
fxg5 0-1

[Event "XI Open"]
[Site "Crema ITA"]
[Date "2009.09.04"]
[Round "2"]
[White "Guzzetti, Luigi Enrico"]
[Black "Caramaschi, Vincenzo"]
[Result "1-0"]
[WhiteElo "1863"]
[BlackElo "1646"]
[PlyCount "47"]
[EventDate "2009.09.04"]

1. e4 e5 2. Nf3 Nc6 3. Bb5 Nf6 4. O-O Nxe4 5. Bxc6 dxc6 6. Nxe5 Be6 7. d4 c5 8.
Re1 Nf6 9. Be3 Bd6 10. Nc3 c6 11. f4 cxd4 12. Bxd4 O-O 13. Qf3 Bxe5 14. Bxe5
Qb6+ 15. Kh1 Ng4 16. h3 Nxe5 17. Rxe5 Qxb2 18. Rae1 Rad8 19. f5 Bd5 20. Qg3 f6
21. Re7 Rf7 22. Nxd5 cxd5 23. Rxf7 Kxf7 24. Qc7+ 1-0

[Event "XI Open"]
[Site "Crema ITA"]
[Date "2009.09.04"]
[Round "2"]
[White "Magrini, Fabrizio"]
[Black "Bonoldi, Fabio"]
[Result "1-0"]
[WhiteElo "2150"]
[BlackElo "1881"]
[PlyCount "47"]
[EventDate "2009.09.04"]

1. e4 g6 2. d4 Bg7 3. Nc3 c6 4. Bc4 d6 5. Qf3 e6 6. Nge2 d5 7. Bd3 Nd7 8. h4 h5
9. Bg5 Qb6 10. O-O-O Ndf6 11. Kb1 Bd7 12. Rhe1 Nh7 13. Bd2 Ne7 14. Qg3 Nf6 15.
Na4 Qd8 16. Nc5 O-O 17. e5 Ng4 18. f3 Nh6 19. Bg5 Qe8 20. Qf4 Kh7 21. g4 f6 22.
exf6 Bxf6 23. Bxf6 Nhg8 24. g5 1-0

[Event "XI Open"]
[Site "Crema ITA"]
[Date "2009.09.04"]
[Round "2"]
[White "Mansueti, Marco"]
[Black "Foglia, Maurizio"]
[Result "0-1"]
[WhiteElo "1859"]
[BlackElo "2147"]
[PlyCount "66"]
[EventDate "2009.09.04"]

1. e4 c6 2. d4 d5 3. Nc3 dxe4 4. Nxe4 Nd7 5. c3 Ngf6 6. Bd3 Nxe4 7. Bxe4 Nf6 8.
Bd3 Bg4 9. f3 Bh5 10. Ne2 Bg6 11. Be3 e6 12. Qd2 Bd6 13. Bxg6 hxg6 14. Bf4 Nd5
15. Bxd6 Qxd6 16. c4 Rxh2 17. Rxh2 Qxh2 18. Rc1 Nf6 19. Qb4 Qc7 20. Kf2 O-O-O
21. Rc3 g5 22. Qa3 Kb8 23. b4 g4 24. b5 gxf3 25. gxf3 cxb5 26. cxb5 Qh2+ 27.
Kf1 Nd5 28. Rc1 Nf4 29. Nxf4 Qxf4 30. Qc3 Rh8 31. Ke2 Rh2+ 32. Kd3 Qxf3+ 33.
Kc4 Qxc3+ 0-1

[Event "XI Open"]
[Site "Crema ITA"]
[Date "2009.09.04"]
[Round "2"]
[White "Mattia, Ermanno"]
[Black "Salami, Marco"]
[Result "0-1"]
[WhiteElo "1725"]
[BlackElo "2172"]
[PlyCount "26"]
[EventDate "2009.09.04"]

1. e4 g6 2. d4 Bg7 3. Nc3 d6 4. f4 a6 5. Nf3 b5 6. Bd3 Bb7 7. O-O Nd7 8. g3 c5
9. Be3 Ngf6 10. d5 Ng4 11. Bd2 c4 12. Be2 Qb6+ 13. Kh1 Nf2+ 0-1

[Event "XI Open"]
[Site "Crema ITA"]
[Date "2009.09.04"]
[Round "2"]
[White "Ornaghi, Giovanni"]
[Black "Lanni, Vincenzo"]
[Result "0-1"]
[WhiteElo "1568"]
[BlackElo "1817"]
[PlyCount "56"]
[EventDate "2009.09.04"]

1. e4 g6 2. d4 Bg7 3. Nc3 d6 4. Be3 Nf6 5. f3 c6 6. Qd2 Nbd7 7. Bh6 Bxh6 8.
Qxh6 e5 9. Bc4 b5 10. Bb3 exd4 11. Qg7 Rf8 12. Nce2 Qa5+ 13. Kf2 Qd2 14. Nh3 c5
15. Bd5 Nxd5 16. exd5 Ne5 17. Nhf4 Bf5 18. Qf6 Kd7 19. a4 b4 20. Rad1 Qe3+ 21.
Kf1 Nc4 22. Nd3 Bxd3 23. Rxd3 Qe5 24. Qh4 Nxb2 25. Rb3 Nc4 26. Qh6 d3 27. Rb1
d2 28. Rd1 Rae8 0-1

[Event "XI Open"]
[Site "Crema ITA"]
[Date "2009.09.04"]
[Round "2"]
[White "Pagano, Davide"]
[Black "Carbone, Lorenzo"]
[Result "1/2-1/2"]
[WhiteElo "1563"]
[BlackElo "1812"]
[PlyCount "71"]
[EventDate "2009.09.04"]

1. e4 c5 2. Nf3 d6 3. d4 cxd4 4. Nxd4 Nf6 5. Nc3 e6 6. Be3 Be7 7. Qd2 Ng4 8.
Bd3 a6 9. h3 Nxe3 10. fxe3 Nc6 11. a3 Bg5 12. Nf3 Bf6 13. g4 Ne5 14. Nxe5 Bxe5
15. O-O-O b5 16. Qf2 Qc7 17. Rdf1 O-O 18. Ne2 Bb7 19. Nd4 Rac8 20. g5 g6 21. h4
Qe7 22. h5 Bg7 23. hxg6 fxg6 24. Qh4 Rxf1+ 25. Bxf1 Bxd4 26. exd4 Rf8 27. Bd3
e5 28. d5 Rf4 29. Qh2 Rg4 30. c4 bxc4 31. Bxc4 Qxg5+ 32. Kb1 h5 33. Qe2 Qf4 34.
Re1 a5 35. Qc2 Qf8 36. Qb3 1/2-1/2

[Event "XI Open"]
[Site "Crema ITA"]
[Date "2009.09.04"]
[Round "2"]
[White "Paglia, Angelo"]
[Black "Castrogiovanni, Carlo"]
[Result "1/2-1/2"]
[WhiteElo "1615"]
[BlackElo "2018"]
[PlyCount "79"]
[EventDate "2009.09.04"]

1. d4 Nf6 2. c4 c5 3. d5 b5 4. cxb5 a6 5. b6 d6 6. Nc3 Nbd7 7. g3 g6 8. Bg2 Bg7
9. Nf3 Qxb6 10. O-O O-O 11. h3 a5 12. Re1 Ne8 13. Bd2 Ba6 14. Qa4 Qb7 15. e4
Nb6 16. Qc2 Nc4 17. Rab1 Rb8 18. Bf1 Nxd2 19. Nxd2 Bxf1 20. Kxf1 Nc7 21. Qd3
Qa7 22. b3 Rb4 23. Nc4 Rfb8 24. Na4 R4b7 25. e5 Qa6 26. Kg2 Nb5 27. Rbd1 Nd4
28. exd6 exd6 29. Rb1 Rd7 30. Qd2 Ra7 31. Qd3 Raa8 32. Re7 Bf6 33. Rd7 Rd8 34.
Rxd8+ Rxd8 35. Qe4 Kg7 36. Re1 Qa8 37. Ncb6 Qa7 38. Nc4 Qa8 39. Nab6 Qb7 40.
Na4 1/2-1/2

[Event "XI Open"]
[Site "Crema ITA"]
[Date "2009.09.04"]
[Round "2"]
[White "Poletti, Fausto"]
[Black "Potenza, Gaetano"]
[Result "1-0"]
[WhiteElo "1902"]
[BlackElo "1713"]
[PlyCount "129"]
[EventDate "2009.09.04"]

1. Nf3 Nf6 2. c4 g6 3. Nc3 d5 4. cxd5 Nxd5 5. e4 Nxc3 6. bxc3 c5 7. d4 Bg7 8.
Be3 O-O 9. Qd2 Qa5 10. Bc4 Bg4 11. Rd1 Bxf3 12. gxf3 Nc6 13. O-O e6 14. e5 Rad8
15. Qb2 cxd4 16. cxd4 Rd7 17. Bb5 Qd8 18. Bxc6 bxc6 19. Rc1 Rc7 20. f4 Qh4 21.
Qe2 Qe7 22. Rc5 Rfc8 23. Qf3 Qd7 24. Rfc1 Bf8 25. R5c3 Bb4 26. Rc4 a5 27. Kg2
Qd5 28. R1c2 Qb5 29. Qe4 c5 30. d5 exd5 31. Qxd5 Qc6 32. Qxc6 Rxc6 33. Kf3 Kf8
34. Bd2 Ke7 35. Be3 Ke6 36. Ke4 R8c7 37. Bc1 a4 38. a3 Ba5 39. Rxa4 Bb6 40.
Rac4 Rd7 41. Be3 Rd5 42. Rd2 f5+ 43. exf6 Rh5 44. f7 Kxf7 45. Rd5 Re6+ 46. Re5
Kf6 47. Rxe6+ Kxe6 48. Ra4 Kd6 49. Ra8 Rxh2 50. a4 Rh1 51. a5 Ra1 52. Ra6 Rxa5
53. Rxb6+ Kc7 54. Rf6 Ra4+ 55. Kd5 c4 56. Kd4 Kd7 57. Rf7+ Kc6 58. Rxh7 Kb5 59.
Rc7 Ra1 60. Rc5+ Kb6 61. Rxc4 Rd1+ 62. Ke5+ Kb5 63. Rd4 Rc1 64. Ke6 Kc6 65. Rd5
1-0